| 000 | 00778cam a2200193 i 4500 | ||
|---|---|---|---|
| 005 | 20260105121930.0 | ||
| 008 | 250721q9999 le gr 000 0 ara d | ||
| 082 | 1 | 4 |
_a219.2 _bن ي ل |
| 100 | 1 |
_aنيل، حسين عبد الحميد _eمؤلف. |
|
| 245 | 1 | 2 |
_aالحياة العسكرية لقائد البشرية صلى الله عليه وسلم / _cتأليف حسين عبد الحميد نيل. |
| 264 | 3 | 1 |
_aبيروت : _bدار الأرقم بن أبي الأرقم، _c(بين 1995 و 2000). |
| 300 | _a317 صفحة. | ||
| 650 | 1 | 7 | _aالغزوات الإسلامية. |
| 650 | 1 | 7 | _aالسيرة النبوية. |
| 650 | 1 | 7 | _aالقادة. |
| 650 | 1 | 7 | _aمحمد صلى الله عليه وسلم. |
| 942 |
_2ddc _cBK |
||
| 999 |
_c91288 _d91288 |
||